[Event "Mondiale Semilampo FIDE 2024"]
[Site "New York"]
[Date "26.12.2024"]
[Round "1.26"]
[White "Van Foreest, Jorden"]
[Black "Jacobson, Brandon"]
[Result "0-1"]
[WhiteTitle "GM"]
[BlackTitle "GM"]
[WhiteElo "2677"]
[BlackElo "2583"]
[WhiteFideId "1039784"]
[BlackFideId "30901561"]
[EventDate "26.12.2024"]

1. e4 e5 2. Nf3 Nc6 3. Bc4 Bc5 4. d3 Nf6 5. Nc3 a6 6. a4 d6 7. O-O h6 8. Be3
Bxe3 9. fxe3 O-O 10. d4 Bg4 11. Qd3 Nb4 12. Qd2 c5 13. dxe5 dxe5 14. Qe2 Qe7 15.
h3 Be6 16. Rf2 Rad8 17. Raf1 Nd7 18. b3 Bxc4 19. bxc4 Nb6 20. a5 Nc8 21. Ne1 Nd6
22. Nd3 Qe6 23. Nxc5 Qxc4 24. Qxc4 Nxc4 25. Nxb7 Rb8 26. Nc5 Nxe3 27. Rb1 Nbxc2
28. Rb6 Rbc8 29. N3a4 Rfd8 30. Kh2 Rd1 31. Rxa6 Nf1+ 32. Rxf1 Rxf1 33. Rb6 Ra8
34. a6 Ra1 35. Nc3 Ra5 36. Nb5 Nd4 37. Nc7 Rc8 38. Nd7 f6 39. Nd5 Rc2 40. Rb8+
Kf7 41. Rb7 Raa2 42. Ne3 Re2 43. Nxe5+ Kg8 44. Rb8+ Kh7 45. Nd7 h5 46. Rb4 Rxe3
47. Rxd4 Ree2 48. Kg3 Ra3+ 49. Kh2 Raa2 50. Kg3 Rxg2+ 51. Kf3 Rgf2+ 52. Kg3 Rfe2
53. Nc5 Ra3+ 54. Kf4 Rf2# 0-1

[Event "Mondiale Semilampo FIDE 2024"]
[Site "New York"]
[Date "26.12.2024"]
[Round "1.27"]
[White "Madaminov, Mukhiddin"]
[Black "Ivanchuk, Vasyl"]
[Result "0-1"]
[WhiteTitle "GM"]
[BlackTitle "GM"]
[WhiteElo "2501"]
[BlackElo "2630"]
[WhiteFideId "14210703"]
[BlackFideId "14100010"]
[EventDate "26.12.2024"]

1. e4 e5 2. Nf3 Nc6 3. Bc4 Bc5 4. Nc3 d6 5. Na4 Bb6 6. a3 Qf6 7. Nxb6 axb6 8.
Be2 Nge7 9. d3 h6 10. Be3 d5 11. O-O d4 12. Bd2 Ng6 13. Ne1 h5 14. g3 h4 15. Bg4
Nge7 16. Bxc8 Rxc8 17. Qg4 Qg6 18. Qxg6 Nxg6 19. f4 hxg3 20. hxg3 f6 21. Nf3 Kd7
22. Kg2 Rh7 23. Rh1 Rch8 24. Rxh7 Rxh7 25. a4 Rh8 26. b4 Ra8 27. b5 Nd8 28. f5
Nf8 29. g4 Nf7 30. g5 Nd6 31. c4 dxc3 32. Bxc3 Ke7 33. Bb4 Nd7 34. Rc1 Rxa4 35.
Bxd6+ Kxd6 36. Rh1 Ra8 37. Rh7 Rg8 38. Kf2 fxg5 39. Nxg5 Nf6 40. Rh1 g6 41. Nf7+
Ke7 42. Nh6 Rh8 43. Kg2 g5 44. d4 exd4 45. e5 Nd7 46. f6+ Ke6 47. f7 d3 48. Kf3
Nxe5+ 49. Kg3 d2 50. Rf1 Rf8 51. Rd1 Nxf7 52. Ng4 Rd8 53. Nf2 Nd6 54. Kg4 Nc4 0-1

[Event "Mondiale Semilampo FIDE 2024"]
[Site "New York"]
[Date "26.12.2024"]
[Round "1.28"]
[White "Salem, A.R. Saleh"]
[Black "Rasulov, Vugar"]
[Result "1/2-1/2"]
[WhiteTitle "GM"]
[BlackTitle "GM"]
[WhiteElo "2622"]
[BlackElo "2504"]
[WhiteFideId "9301348"]
[BlackFideId "13402390"]
[EventDate "26.12.2024"]

1. d4 d5 2. c4 c6 3. Nf3 Nf6 4. Nc3 e6 5. Bg5 h6 6. Bh4 Be7 7. e3 O-O 8. Qc2 b6
9. Bd3 Nbd7 10. O-O Bb7 11. cxd5 Nxd5 12. Nxd5 Bxh4 13. Nc3 c5 14. Bh7+ Kh8 15.
Be4 Bxe4 16. Qxe4 cxd4 17. Nxd4 Nc5 18. Qf3 Bf6 19. Rfd1 Qe7 20. Rac1 Rac8 21.
h3 Qb7 22. Qh5 a6 23. Rc2 Kg8 24. Qg4 b5 25. a3 Nd7 26. Rdc1 Ne5 27. Qe4 Qd7 28.
Rd1 Qa7 29. a4 b4 30. Nce2 Rxc2 31. Qxc2 Qb7 32. Rc1 Nd7 33. b3 Nb6 34. Qc6 Qb8
35. a5 Bxd4 36. exd4 Nd5 37. Qxa6 Rd8 38. g3 h5 39. h4 g6 40. Rc5 Kg7 41. Qc4
Qb7 42. Qd3 Ra8 43. Qe4 Qa6 44. Nf4 Nxf4 45. Qxf4 Kg8 46. Qf3 Rd8 47. Qf6 Rf8
48. d5 Qa7 49. Rb5 Qd7 50. Rc5 Qd6 51. Qd4 exd5 52. Qxd5 Qf6 53. Kg2 Rd8 54. Qe5
Qxe5 55. Rxe5 Rd2 56. a6 Ra2 57. Re8+ Kg7 58. Ra8 Ra3 59. a7 Kf6 60. Kf1 Kf5 61.
f3 Ra2 62. Ke1 Kf6 63. Kd1 Kf5 64. Kc1 Kf6 65. Kb1 Ra3 66. Kc2 Kf5 67. Kb2 Kf6
68. g4 hxg4 69. fxg4 Kg7 70. g5 Ra5 71. Kc2 Ra3 72. Kd2 Kh7 73. Kc1 Kg7 74. Kc2
Kh7 75. Rb8 Rxa7 76. Rxb4 Kg7 77. Rf4 Kf8 78. Re4 Kg7 79. b4 f5 80. Re6 Ra3 81.
b5 Ra5 82. b6 Rb5 83. Kd3 f4 84. Rf6 f3 85. Ke3 Rb3+ 86. Kf2 Rb4 87. Rc6 Kf7 88.
Rf6+ Kg7 89. Kxf3 Rxh4 90. Rc6 Kf7 91. Rf6+ Kg7 92. Rf4 Rh3+ 93. Ke4 Rb3 94. Rf6
Rb5 95. Kf4 Rc5 96. Re6 Kf7 97. Rf6+ Kg7 98. Re6 Rb5 99. Ke4 Kf7 100. Rf6+ Kg7
101. Kd4 Rxg5 102. Kc4 Kxf6 103. b7 Kg7 104. b8=Q Rf5 105. Kd4 Rh5 106. Qc7+ Kg8
107. Qd8+ Kf7 108. Qd7+ Kg8 109. Qe8+ Kg7 110. Qe7+ Kg8 111. Qf6 Kh7 112. Qf7+
Kh6 113. Qg8 Rf5 114. Ke4 Kh5 115. Qg7 Kg5 116. Qh7 Rf1 117. Ke5 Re1+ 118. Kd5
Rd1+ 119. Ke6 Rf1 120. Ke7 Ra1 121. Qh2 Ra7+ 122. Ke6 Ra6+ 123. Kd5 Ra5+ 124.
Ke4 Ra4+ 125. Kd3 Ra3+ 126. Kc4 Ra4+ 127. Kb5 Rf4 128. Kc6 Rf8 129. Kd7 Kf6 130.
Qh6 Ra8 131. Kc6 Rc8+ 132. Kd6 Rd8+ 133. Kc7 Ra8 134. Kc6 Rc8+ 135. Kd5 Re8 136.
Qh7 Ra8 137. Qc7 Re8 138. Qd7 Re1 139. Qd6+ Kf7 140. Qf4+ Kg7 141. Qd4+ Kg8 142.
Qf6 Rd1+ 143. Ke4 Kh7 144. Qf7+ Kh6 145. Qg8 Kg5 146. Qf8 Re1+ 147. Kd3 Re5 148.
Kd4 Rf5 149. Qd8+ Kh6 150. Qh8+ Kg5 151. Ke4 Rf4+ 152. Ke5 Ra4 153. Qd8+ Kh6
154. Qd2+ Kh5 155. Qd1+ Rg4 156. Kf6 Kh4 157. Qf3 Rg3 158. Qh1+ 1/2-1/2

[Event "Mondiale Semilampo FIDE 2024"]
[Site "New York"]
[Date "26.12.2024"]
[Round "1.29"]
[White "Wagner, Dennis"]
[Black "Robson, Ray"]
[Result "0-1"]
[WhiteTitle "GM"]
[BlackTitle "GM"]
[WhiteElo "2616"]
[BlackElo "2700"]
[WhiteFideId "24650684"]
[BlackFideId "2023970"]
[EventDate "26.12.2024"]

1. d4 Nf6 2. c4 e6 3. Nf3 d5 4. g3 Bb4+ 5. Bd2 Be7 6. Bg2 O-O 7. O-O Nbd7 8. Qc2
c6 9. Bf4 b6 10. cxd5 cxd5 11. Rc1 Bb7 12. Nc3 Rc8 13. Qb3 a6 14. a4 Rc4 15. Na2
Qc8 16. Nd2 Rc6 17. Rxc6 Bxc6 18. Rc1 Qa8 19. Nb4 Bb7 20. Nd3 Rc8 21. Rc2 a5 22.
Nb1 Ba6 23. Rxc8+ Qxc8 24. Nc3 h6 25. Nb5 g5 26. Bd2 Ne4 27. Be1 Nd6 28. Nxd6
Bxd6 29. Bd2 Qc6 30. Bc3 Bxd3 31. exd3 Be7 32. Qc4 Nb8 33. Qb3 Bf6 34. Bf3 Qc7
35. Qb5 Nc6 36. Bh5 Bxd4 37. Bxd4 Nxd4 38. Qe8+ Kg7 39. Kg2 Nc2 40. Qb5 Ne1+ 41.
Kh3 Qc5 42. Qxc5 bxc5 43. Be2 f5 44. f4 g4+ 45. Kh4 Kg6 0-1

[Event "Mondiale Semilampo FIDE 2024"]
[Site "New York"]
[Date "26.12.2024"]
[Round "1.30"]
[White "Bortnyk, Olexandr"]
[Black "Ghosh, Diptayan"]
[Result "1-0"]
[WhiteTitle "GM"]
[BlackTitle "GM"]
[WhiteElo "2603"]
[BlackElo "2569"]
[WhiteFideId "14120828"]
[BlackFideId "5045207"]
[EventDate "26.12.2024"]

1. e4 c6 2. Nf3 d5 3. Nc3 dxe4 4. Nxe4 Nf6 5. Qe2 Na6 6. Nxf6+ gxf6 7. g3 Nb4 8.
d3 Bg4 9. Bg2 Qd5 10. Kd1 Qd7 11. Bd2 e5 12. h3 Be6 13. a3 Na6 14. Kc1 O-O-O 15.
Be3 Kb8 16. Nd2 Nc7 17. Ne4 f5 18. Nc3 Bg7 19. Re1 Rhe8 20. Qh5 h6 21. Qh4 Nd5
22. Bd2 e4 23. dxe4 Nxc3 24. Qf4+ Ka8 25. Bxc3 Bxc3 26. bxc3 fxe4 27. Rxe4 Qd5
28. Qe3 a6 29. Bf3 Qd7 30. Qxh6 Bd5 31. Rxe8 Rxe8 32. Qd2 Qxh3 33. Bxd5 cxd5 34.
Kb2 Qe6 35. Rd1 Qb6+ 36. Ka2 Rc8 37. Rb1 Qc5 38. Rb3 Rc6 39. Kb2 Rf6 40. f4 Rg6
41. Qd4 Qc6 42. Qd3 Qc4 43. Qe3 Re6 44. Qd4 Rg6 45. Qh8+ Ka7 46. Rb4 Qc5 47. Qd4
b6 48. Qd3 Rc6 49. Rd4 Rd6 50. g4 a5 51. a4 Rd7 52. Qb5 Rd6 53. g5 Kb7 54. Qxc5
bxc5 55. Rd2 Kc6 56. Re2 Kd7 57. Re5 Rb6+ 58. Kc1 Kd6 59. Rf5 Rb7 60. Rf6+ Ke7
61. Ra6 1-0

[Event "Mondiale Semilampo FIDE 2024"]
[Site "New York"]
[Date "26.12.2024"]
[Round "1.31"]
[White "Svane, Frederik"]
[Black "Esipenko, Andrey"]
[Result "1-0"]
[WhiteTitle "GM"]
[BlackTitle "GM"]
[WhiteElo "2668"]
[BlackElo "2682"]
[WhiteFideId "12923044"]
[BlackFideId "24175439"]
[EventDate "26.12.2024"]

1. e4 e5 2. Nf3 Nc6 3. Bc4 Nf6 4. d3 Be7 5. Nc3 O-O 6. O-O d6 7. a3 Be6 8. Nd5
h6 9. Re1 Re8 10. h3 Bf8 11. Bb3 Nd4 12. Nxd4 exd4 13. Nxf6+ Qxf6 14. Bxe6 Qxe6
15. Bd2 d5 16. e5 c5 17. f4 f5 18. exf6 Qxf6 19. Qf3 Qf7 20. f5 Bd6 21. Qg4 Kh7
22. h4 h5 23. Qf3 Be5 24. Bg5 Bf6 25. Re6 Rxe6 26. fxe6 Qxe6 27. Qxh5+ Kg8 28.
Bxf6 Qxf6 29. Qxd5+ Kh7 30. Rf1 Qe7 31. Qh5+ Kg8 32. Qd5+ Kh7 33. Qf7 Re8 34.
Qxe7 Rxe7 35. Rf5 b6 36. Kf2 Kg6 37. Rf4 Kh7 38. g3 g5 39. Re4 Rf7+ 40. Ke2 gxh4
41. gxh4 Kg6 42. b4 Kf5 43. bxc5 bxc5 44. Kf3 Rb7 45. Rg4 Kf6 46. Rg5 c4 47. Ke4
cxd3 48. cxd3 Rh7 49. Rf5+ Ke6 50. h5 Rh8 51. Ra5 Kf6 52. Kxd4 Rd8+ 53. Ke4 Re8+
54. Kf4 Rd8 55. Ra6+ Kg7 56. Rxa7+ Kh6 57. Ra6+ Kxh5 58. Ke4 Kg5 59. d4 Re8+ 60.
Kd5 Kf5 61. a4 Rd8+ 62. Kc5 Rc8+ 63. Rc6 Ra8 64. d5 Rxa4 65. Kd6 Ra7 66. Rc1
Ra6+ 67. Kc5 Ra5+ 68. Kc6 Ra6+ 69. Kb5 Ra2 70. Re1 Kf6 71. d6 Kf7 72. d7 Rd2 73.
Kc6 Rc2+ 74. Kb7 Rb2+ 75. Kc7 Rc2+ 76. Kd8 Rc3 77. Rf1+ Kg7 78. Rf4 Rc1 79. Ke7
Re1+ 80. Kd6 Rd1+ 81. Ke6 Rd2 82. Rf5 1-0

[Event "Mondiale Semilampo FIDE 2024"]
[Site "New York"]
[Date "26.12.2024"]
[Round "1.32"]
[White "Cheparinov, Ivan"]
[Black "Lodici, Lorenzo"]
[Result "1/2-1/2"]
[WhiteTitle "GM"]
[BlackTitle "GM"]
[WhiteElo "2646"]
[BlackElo "2564"]
[WhiteFideId "2905540"]
[BlackFideId "884189"]
[EventDate "26.12.2024"]

1. Nf3 d5 2. g3 Bg4 3. Bg2 c6 4. c4 e6 5. O-O Bxf3 6. Bxf3 dxc4 7. Na3 Bxa3 8.
bxa3 b5 9. a4 a6 10. Rb1 Ne7 11. Qc2 O-O 12. Ba3 Re8 13. Rfd1 Nd5 14. d3 cxd3
15. Rxd3 Nd7 16. e4 N5b6 17. Qxc6 Qc8 18. axb5 Ne5 19. Qxc8 Rexc8 20. Rdb3 axb5
21. Bg2 Nbc4 22. Bc1 Nc6 23. Rxb5 Nd4 24. R5b4 Ne2+ 25. Kh1 Nc3 26. e5 Nxb1 27.
Bxa8 Nxe5 28. Bf4 Nd3 29. Rb8 Rxb8 30. Bxb8 Na3 31. Kg2 Nc1 32. Bd6 Nc4 33. Bc5
Nxa2 34. Bc6 Nc3 35. Bd4 Nd5 36. f4 f5 37. Bb5 Nd6 38. Bd3 Kf7 39. Kf3 Nf6 40.
Bc5 Nde4 41. Bd4 h6 42. h3 h5 43. Be3 Ke7 44. Bc1 Kd6 45. Bc4 Nd5 46. Ba3+ Kc6
47. Bd3 Nc5 48. Bc4 Nd7 49. Bb2 g6 50. Bd4 Kd6 51. g4 Ne7 52. gxh5 gxh5 53. Kg3
Ng6 54. h4 e5 55. fxe5+ Ndxe5 56. Bxe5+ Kxe5 57. Be2 f4+ 58. Kh3 1/2-1/2

[Event "Mondiale Semilampo FIDE 2024"]
[Site "New York"]
[Date "26.12.2024"]
[Round "1.33"]
[White "Bilych, Oleksii"]
[Black "Lu, Shanglei"]
[Result "0-1"]
[WhiteTitle "IM"]
[BlackTitle "GM"]
[WhiteElo "2435"]
[BlackElo "2609"]
[WhiteFideId "14156504"]
[BlackFideId "8603332"]
[EventDate "26.12.2024"]

1. e4 c5 2. Nf3 e6 3. d4 cxd4 4. Nxd4 Nf6 5. Nc3 Nc6 6. a3 Be7 7. Be3 O-O 8. Be2
Qc7 9. f4 e5 10. fxe5 Qxe5 11. Qd3 d6 12. O-O Ng4 13. Bxg4 Bxg4 14. Nd5 Bd8 15.
Nxc6 bxc6 16. Bd4 Qg5 17. Ne3 Be6 18. Rf3 f6 19. Nf5 Qh5 20. Raf1 Bxf5 21. Rxf5
Qf7 22. Qa6 c5 23. Bf2 Bc7 24. Bg3 Qe6 25. Qc6 Rac8 26. Rd1 Rfe8 27. Qd5 Qxd5
28. Rfxd5 Rxe4 29. Bxd6 Bb6 30. Kf1 c4 31. Bg3 g5 32. Rf5 Kf7 33. Be1 Kg6 34.
Rdd5 Bd4 35. h3 Bxb2 36. Bb4 Be5 37. Rf3 Rc6 38. Rd7 Rc7 39. Rd8 h5 40. Rf2 g4
41. hxg4 hxg4 42. Rfd2 Rh7 43. Kf2 Rh1 44. Rg8+ Kf5 45. g3 Rh2+ 46. Kg1 Rxd2 47.
Bxd2 Re2 0-1

[Event "Mondiale Semilampo FIDE 2024"]
[Site "New York"]
[Date "26.12.2024"]
[Round "1.34"]
[White "Naroditsky, Daniel"]
[Black "Tsaruk, Maksim"]
[Result "1-0"]
[WhiteTitle "GM"]
[BlackTitle "IM"]
[WhiteElo "2619"]
[BlackElo "2424"]
[WhiteFideId "2026961"]
[BlackFideId "13511173"]
[EventDate "26.12.2024"]

1. e4 d5 2. exd5 Qxd5 3. Nc3 Qa5 4. d4 Nf6 5. Nf3 c6 6. Bd2 Bf5 7. Bc4 Nbd7 8.
Qe2 e6 9. d5 cxd5 10. Nxd5 Qc5 11. Nxf6+ gxf6 12. Be3 Qa5+ 13. c3 a6 14. Nd4 Bg6
15. f4 Be4 16. f5 Bxf5 17. b4 Qe5 18. Nxf5 Qxf5 19. Bd3 Qe5 20. O-O Bd6 21. g3
Qxc3 22. Rfd1 Ne5 23. Be4 Qxb4 24. Rd4 Qa3 25. Bc1 Qa5 26. Kg2 Bc5 27. Rd1 O-O
28. Bd2 Qa4 29. Bc3 Rfd8 30. Bxe5 fxe5 31. Bxh7+ Kf8 32. Bc2 Qc6+ 33. Be4 Qa4
34. Bxb7 Rab8 35. Bxa6 Qc6+ 36. Kh3 e4 37. Qh5 Rxd1 38. Rxd1 Ke7 39. Qh4+ Ke8
40. Be2 Bf8 41. Qg5 Qc5 42. Bb5+ Qxb5 43. Rd8+ Rxd8 44. Qxb5+ Ke7 45. Qb7+ Rd7
46. Qxe4 f5 47. Qh4+ Ke8 48. Qf6 Rh7+ 49. Kg2 Rh6 50. Qe5 Kf7 51. a4 Bg7 52.
Qc7+ Kg6 53. a5 Rh7 54. a6 Bd4 55. Qc4 e5 56. Qe6+ 1-0

[Event "Mondiale Semilampo FIDE 2024"]
[Site "New York"]
[Date "26.12.2024"]
[Round "1.35"]
[White "Dudin, Gleb"]
[Black "Anton Guijarro, David"]
[Result "1-0"]
[WhiteTitle "GM"]
[BlackTitle "GM"]
[WhiteElo "2506"]
[BlackElo "2673"]
[WhiteFideId "34184934"]
[BlackFideId "2285525"]
[EventDate "26.12.2024"]

1. d4 d5 2. c4 e6 3. Nc3 Bb4 4. cxd5 exd5 5. Bf4 c5 6. a3 Bxc3+ 7. bxc3 c4 8. e3
Ne7 9. h4 O-O 10. h5 h6 11. g4 Qa5 12. Kd2 f6 13. Bh3 Nd7 14. Ne2 Re8 15. Qc2
Nf8 16. Bg3 Ne6 17. f4 Qd8 18. Bh4 Qd6 19. Rag1 Rf8 20. a4 Rf7 21. Bg3 Qd8 22.
Bg2 Bd7 23. Bf3 Qa5 24. Ra1 Rc8 25. Rhb1 b6 26. Ke1 f5 27. g5 hxg5 28. Kf2 g4
29. Bg2 Re8 30. Rh1 Nc8 31. Bh4 Nd6 32. Ng3 Bc6 33. Bf1 Qa6 34. Be2 Qb7 35. Qb2
Qc7 36. Qa3 Nb7 37. Kg2 Na5 38. Bd1 Bd7 39. Ra2 Nd8 40. Re2 Ndb7 41. Bg5 Nd6 42.
Bc2 Qc6 43. Ree1 Nb3 44. h6 g6 45. h7+ Rxh7 46. Rxh7 Kxh7 47. Bf6 Nf7 48. Rh1+
Kg8 49. Be5 Qxa4 50. Qb2 Qb5 51. Qa3 Qa4 52. Qb2 Qc6 53. Ne2 Nd2 54. Ba4 Qxa4
55. Qxd2 Nxe5 56. dxe5 d4 57. cxd4 Qa5 58. Nc3 b5 59. Kg3 Re7 60. d5 b4 61. Qh2
Rg7 62. Qh8+ Kf7 63. e6+ 1-0

[Event "Mondiale Semilampo FIDE 2024"]
[Site "New York"]
[Date "26.12.2024"]
[Round "1.36"]
[White "Deac, Bogdan-Daniel"]
[Black "Matviishen, Viktor"]
[Result "1-0"]
[WhiteTitle "GM"]
[BlackTitle "GM"]
[WhiteElo "2696"]
[BlackElo "2566"]
[WhiteFideId "1226380"]
[BlackFideId "14129850"]
[EventDate "26.12.2024"]

1. d4 Nf6 2. c4 e6 3. Nf3 d5 4. Nc3 Be7 5. g3 Nbd7 6. Bg2 O-O 7. Qd3 c5 8. cxd5
exd5 9. O-O a6 10. dxc5 Nxc5 11. Qc2 d4 12. Rd1 d3 13. exd3 Bf5 14. Be3 Rc8 15.
Qe2 Qa5 16. Ne5 Rfe8 17. Qf3 g6 18. h3 Bf8 19. d4 Ncd7 20. g4 Be6 21. Qxb7 Rb8
22. Nc6 Rxb7 23. Nxa5 Rxb2 24. d5 Bxg4 25. hxg4 Nxg4 26. Bd4 Bc5 27. Na4 Bxd4
28. Rxd4 Rb5 29. Nc4 Rb4 30. Rxg4 Rxa4 31. Ne5 Rxg4 32. Nxg4 Re2 33. Bf1 Re4 34.
Ne3 Ra4 35. d6 Kg7 36. Bc4 Kf6 37. Rb1 Ke5 38. Rd1 f5 39. Bb3 Rb4 40. Rd5+ Ke4
41. Ra5 Rd4 42. Rxa6 f4 43. Nc4 g5 44. Ra7 Nf6 45. Re7+ Kf5 46. Bc2+ Kg4 47.
Ne5+ Kh3 48. Bf5+ g4 49. Bxg4+ 1-0

[Event "Mondiale Semilampo FIDE 2024"]
[Site "New York"]
[Date "26.12.2024"]
[Round "1.37"]
[White "Batsuren, Dambasuren"]
[Black "Gelfand, Boris"]
[Result "0-1"]
[WhiteTitle "GM"]
[BlackTitle "GM"]
[WhiteElo "2531"]
[BlackElo "2657"]
[WhiteFideId "4902920"]
[BlackFideId "2805677"]
[EventDate "26.12.2024"]

1. c4 c5 2. g3 g6 3. Bg2 Bg7 4. Nc3 Nc6 5. Nf3 d6 6. a3 e6 7. b4 Nge7 8. bxc5
dxc5 9. Bb2 O-O 10. O-O b6 11. d3 Bb7 12. e3 Nf5 13. Qe2 Qe7 14. Rfd1 Rad8 15.
Ne4 Nd6 16. Bxg7 Kxg7 17. Qb2+ f6 18. Nc3 Kg8 19. Ne2 Na5 20. h4 Rd7 21. Nc3 Nf7
22. Ne1 Bxg2 23. Kxg2 f5 24. Qe2 Ne5 25. Nf3 Nxf3 26. Qxf3 Rfd8 27. Qe2 Qf6 28.
Rac1 h6 29. f4 g5 30. hxg5 hxg5 31. fxg5 Qxg5 32. Kf2 Nc6 33. d4 cxd4 34. exd4
Nxd4 35. Qe5 Qg4 36. Qf4 Qxf4+ 37. gxf4 Nb3 38. Rxd7 Rxd7 39. Rg1+ Kf7 40. Rh1
Kg6 41. Ne2 Nd2 42. Rc1 Rc7 43. Nd4 Rxc4 44. Rxc4 Nxc4 45. a4 Kf6 46. Nb5 a6 47.
Nc7 a5 48. Nb5 e5 0-1

[Event "Mondiale Semilampo FIDE 2024"]
[Site "New York"]
[Date "26.12.2024"]
[Round "1.38"]
[White "Svane, Rasmus"]
[Black "Samadov, Read"]
[Result "1-0"]
[WhiteTitle "GM"]
[BlackTitle "IM"]
[WhiteElo "2628"]
[BlackElo "2501"]
[WhiteFideId "4657101"]
[BlackFideId "13417444"]
[EventDate "26.12.2024"]

1. Nf3 Nf6 2. g3 c5 3. c4 Nc6 4. Bg2 g6 5. O-O Bg7 6. d4 cxd4 7. Nxd4 h5 8. h4
O-O 9. Nc3 Ng4 10. e3 d6 11. b3 Bd7 12. Bb2 a6 13. Qd2 Nxd4 14. exd4 Rb8 15.
Rfe1 Re8 16. Rad1 Bf5 17. Qe2 e5 18. Nd5 exd4 19. Qd2 d3 20. Rxe8+ Qxe8 21. Bxg7
Kxg7 22. Re1 Qf8 23. Be4 Ne5 24. Kg2 Qc8 25. Qc3 Bxe4+ 26. Rxe4 Qf5 27. Rf4 Qd7
28. Rd4 Re8 29. Rxd3 Qf5 30. Re3 Kf8 31. f4 b5 32. fxe5 bxc4 33. Rf3 Qxe5 34.
Qxc4 Kg7 35. Qc3 Rb8 36. Re3 Qxc3 37. Rxc3 1-0

[Event "Mondiale Semilampo FIDE 2024"]
[Site "New York"]
[Date "26.12.2024"]
[Round "1.39"]
[White "Druska, Juraj"]
[Black "Andriasian, Zaven"]
[Result "0-1"]
[WhiteTitle "IM"]
[BlackTitle "GM"]
[WhiteElo "2423"]
[BlackElo "2554"]
[WhiteFideId "14915650"]
[BlackFideId "13302000"]
[EventDate "26.12.2024"]

1. e4 c5 2. Nf3 d6 3. d4 cxd4 4. Qxd4 a6 5. h3 Nc6 6. Qe3 g6 7. c4 Bg7 8. Be2
Nf6 9. O-O O-O 10. Nc3 Be6 11. Rb1 Qa5 12. Bd2 Qc5 13. Rfd1 Qxe3 14. Bxe3 Rac8
15. b3 Nd7 16. Nd5 Nc5 17. Ng5 Bxd5 18. exd5 Nb4 19. a4 b6 20. Bd4 Rc7 21. Rb2
Rb8 22. Bxg7 Kxg7 23. Nf3 Re8 24. Nd4 e5 25. dxe6 fxe6 26. Nc2 Nxc2 27. Rxc2 Rd8
28. Rc3 a5 29. Bf3 Kf6 30. Re3 Ke7 31. Rd4 Rf8 32. Kf1 Rf6 33. Ke1 Rc8 34. Bd1
Rcf8 35. Rd2 h6 36. h4 Kd7 37. Bc2 Rf4 38. g3 R4f6 39. Rde2 g5 40. h5 Kc6 41.
Be4+ Kc7 42. Bg2 Rg8 43. Be4 Rd8 44. Bg6 Kc6 45. Kd2 d5 46. cxd5+ exd5 47. Re8
Rxe8 48. Bxe8+ Kd6 49. Kc2 Rf3 50. Bb5 Nxb3 51. Re8 Nd4+ 52. Kd2 Nxb5 53. axb5
Kc5 54. Re6 a4 55. Ke2 Rf8 56. Rxh6 Kxb5 57. Rd6 Kc5 58. Rd7 Ra8 59. h6 a3 60.
h7 a2 61. Rc7+ Kb4 62. Rc1 Rh8 0-1

[Event "Mondiale Semilampo FIDE 2024"]
[Site "New York"]
[Date "26.12.2024"]
[Round "1.40"]
[White "Meier, Georg"]
[Black "Horvath, Dominik"]
[Result "1/2-1/2"]
[WhiteTitle "GM"]
[BlackTitle "GM"]
[WhiteElo "2599"]
[BlackElo "2542"]
[WhiteFideId "4675789"]
[BlackFideId "1642561"]
[EventDate "26.12.2024"]

1. Nf3 c5 2. c4 Nf6 3. g3 Nc6 4. Bg2 d5 5. cxd5 Nxd5 6. d4 cxd4 7. Nxd4 Ndb4 8.
Nxc6 Qxd1+ 9. Kxd1 Nxc6 10. Nc3 Bf5 11. Bd2 Rc8 12. Rc1 g6 13. Nb5 Bg7 14. Bc3
O-O 15. Bxg7 Rfd8+ 16. Ke1 Kxg7 17. Bxc6 Rxc6 18. Rxc6 bxc6 19. Nc3 c5 20. f3
Rb8 21. b3 c4 22. bxc4 Be6 23. Kd2 Bxc4 24. Kc2 Rc8 25. Kd2 Rb8 26. Kc2 Rc8 27.
Kd2 1/2-1/2

[Event "Mondiale Semilampo FIDE 2024"]
[Site "New York"]
[Date "26.12.2024"]
[Round "1.41"]
[White "Isanzhulov, Arystan"]
[Black "Grigoryan, Karen H."]
[Result "0-1"]
[WhiteTitle "IM"]
[BlackTitle "GM"]
[WhiteElo "2395"]
[BlackElo "2618"]
[WhiteFideId "13711644"]
[BlackFideId "13301004"]
[EventDate "26.12.2024"]

1. e4 c5 2. Nf3 Nc6 3. Nc3 g6 4. d4 cxd4 5. Nxd4 Bg7 6. Nde2 d6 7. g3 Bg4 8. Bg2
Bxc3+ 9. bxc3 Qa5 10. Qd5 Nf6 11. Qxa5 Nxa5 12. f3 Be6 13. Bh6 Nd7 14. h4 Bc4
15. Nd4 f6 16. Nb3 Nc6 17. Be3 Kf7 18. f4 h5 19. a4 Rac8 20. a5 a6 21. Nd2 Be6
22. Ra3 f5 23. Ke2 Nf6 24. Rb1 Rc7 25. Bb6 Rd7 26. Rb2 Rc8 27. Be3 fxe4 28. Nxe4
Bc4+ 29. Kd2 Ng4 30. Bb6 e5 31. Bg1 Kg7 32. Ng5 Re7 33. Bf3 exf4 34. gxf4 Rf8
35. Ra4 Rxf4 36. Rxb7 Rxb7 37. Bxc6 Rc7 38. Bd5 Kf6 39. Bb6 Rc8 40. Bb7 Re8 41.
Bd4+ Rxd4+ 42. cxd4 Re2+ 43. Kc1 Ne3 44. Be4 Bb5 45. Rb4 Nc4 46. Kd1 Rh2 47. Bd3
Ne3+ 48. Kc1 Bxd3 49. cxd3 Rxh4 50. Ne4+ Ke6 51. Rb6 Rh1+ 52. Kd2 Nf5 53. Rxa6
Ra1 54. Ra8 Nxd4 55. Rg8 Kf7 56. Ra8 d5 57. Nc5 h4 58. Rh8 Rxa5 59. Nb7 Ra2+ 60.
Ke3 Nf5+ 61. Kf3 Ra3 62. Nc5 Rc3 63. Nd7 Rxd3+ 64. Kf4 Kg7 65. Ra8 Rd4+ 66. Kg5
Rd1 67. Ne5 Rg1+ 68. Kf4 Ne7 69. Ra7 g5+ 70. Kf3 Kf6 71. Ng4+ Ke6 72. Ra6+ Kd7
73. Nf6+ Kc8 74. Re6 Nf5 75. Re5 h3 76. Re8+ Kb7 77. Rh8 Nh4+ 78. Kf2 h2 0-1

[Event "Mondiale Semilampo FIDE 2024"]
[Site "New York"]
[Date "26.12.2024"]
[Round "1.42"]
[White "Lenderman, Aleksandr"]
[Black "Tang, Andrew"]
[Result "1-0"]
[WhiteTitle "GM"]
[BlackTitle "GM"]
[WhiteElo "2480"]
[BlackElo "2527"]
[WhiteFideId "2021285"]
[BlackFideId "2059630"]
[EventDate "26.12.2024"]

1. d4 d5 2. c4 e6 3. Nc3 Nf6 4. Nf3 Be7 5. g3 O-O 6. Bg2 c6 7. O-O Nbd7 8. Qd3
b6 9. e4 Ba6 10. b3 Rc8 11. Rd1 h6 12. Bf4 c5 13. exd5 exd5 14. Qc2 dxc4 15. d5
Re8 16. bxc4 Bxc4 17. Nd2 Ba6 18. Qa4 Bd3 19. d6 Bf8 20. Qxa7 b5 21. Nf1 Bxf1
22. Bxf1 b4 23. Nb5 Ra8 24. Qc7 Qb8 25. Be3 Rc8 26. Qxb8 Rcxb8 27. Nc7 Ra3 28.
Na6 Rc8 29. Rac1 Rc6 30. Nxc5 Nxc5 31. Bxc5 Rxa2 32. Bxb4 Rxc1 33. Rxc1 Rb2 34.
Bc3 Rb8 35. Bxf6 gxf6 36. d7 Rd8 37. Bh3 Bb4 38. Rc8 Ba5 39. Kg2 Kf8 40. Kf3 Ke7
41. Bf5 Bb6 42. h4 Ba7 43. Rc2 Bb6 44. Kg4 Kf8 45. Kh5 Kg7 46. Rc8 Ba5 47. f4
Bb6 48. Kg4 Kf8 49. Rc6 Bd4 50. Rd6 Bc3 51. Rd3 Bb4 52. Kh5 Kg7 53. Re3 Ba5 54.
Re8 Bb6 55. Kg4 Ba5 56. h5 Bb6 57. Kf3 Ba5 58. Ke4 Bb6 59. Kd5 Bc7 60. Kc6 Ba5
61. Kb7 Bb6 62. Rxd8 1-0

[Event "Mondiale Semilampo FIDE 2024"]
[Site "New York"]
[Date "26.12.2024"]
[Round "1.43"]
[White "Blohberger, Felix"]
[Black "Niemann, Hans Moke"]
[Result "0-1"]
[WhiteTitle "GM"]
[BlackTitle "GM"]
[WhiteElo "2534"]
[BlackElo "2734"]
[WhiteFideId "1632051"]
[BlackFideId "2093596"]
[EventDate "26.12.2024"]

1. Nf3 Nf6 2. g3 b5 3. Bg2 Bb7 4. O-O e6 5. b3 Be7 6. c4 b4 7. Bb2 c5 8. e3 O-O
9. d4 cxd4 10. exd4 d5 11. Ne5 Nc6 12. Nd2 a5 13. a4 bxa3 14. Nxc6 Bxc6 15. Bxa3
Bxa3 16. Rxa3 Qb6 17. Qa1 Qb4 18. Nf3 a4 19. bxa4 dxc4 20. a5 Rfb8 21. Rc1 Bd5
22. Ne5 Qb5 23. Bf1 Rc8 24. Ra4 Ne4 25. Bxc4 Bxc4 26. Rcxc4 f6 27. Rab4 Qd5 28.
Rxc8+ Rxc8 29. Nf3 Qf5 30. Rb3 Nxf2 31. a6 Nh3+ 32. Kh1 Qd5 33. Rc3 Ra8 34. Kg2
Ng5 35. h4 Ne4 36. Rc2 Qd6 37. Qe1 f5 38. Ng5 Nxg5 39. hxg5 Rxa6 40. Qe3 Kf7 41.
Qf3 Kg6 42. g4 Qxd4 43. gxf5+ exf5 44. Qe2 Qd5+ 45. Kh2 Re6 46. Qf2 Qe5+ 47. Kg2
Qe4+ 48. Kh2 Qe3 0-1